00841nam a2200241 i 4500001000300000100002100003245009400024260006300118300002800181490006200209504002600271546001900297650002100316830004800337015001700385020001800402040000800420041001300428044000800441080001100449008004100460856009800501bg1 aWrembel, Robert.10aManagement of schema and data evolution in multiversion data warehouse /cRobert Wrembel. aPoznań :bWydawnictwo Politechniki Poznańskiej,c2007. a238 s. :bil. ;c24 cm.1 aRozprawy / Politechnika Poznańska,x0551-6528 ;vnr 411 aBibliogr. s. 215-236. aStreszcz. pol. 9aHurtownia danych 0aRozprawy - Politechnika Poznańskavnr 411 aPB 4976/2008 a9788371433191 cBPK0 aengbpol aPOL a004.65070820s2007 pl a |000 0 eng  uhttp://koha.tu.koszalin.pl/cgi-bin/koha/opac-detail.pl?biblionumber=54754yKatalog online BPK